| 000 | 00718nam a22002417i 4500 | ||
|---|---|---|---|
| 003 | DO-SdBNP | ||
| 005 | 20250421113247.0 | ||
| 007 | ta | ||
| 008 | 250421b2013 |||||||| |||| 00| 0 eng d | ||
| 040 |
_aDO-SdBNP _bspa _cBNPHU _erda |
||
| 041 | _hspa | ||
| 082 |
_axxx _bL735c _222 |
||
| 100 | 1 |
_aLinares. Glenys _eautor _975580 |
|
| 245 | 1 | 0 |
_aContenidos básicos de derecho comercial / _cGlenys Linares |
| 264 |
_aSanto Domingo : _bUniversidad Nacional Tecnológica (UNNATEC), _c2013. |
||
| 300 |
_a114 Páginas ; _c28 cm |
||
| 336 |
_ardacontent _btexto _2txt |
||
| 337 |
_ardamedia _bsin mediación _2n |
||
| 338 |
_ardacarrier _bvolumen _2nc |
||
| 590 | _aInventariado, 2025 /DG | ||
| 910 | _aDG | ||
| 942 |
_2ddc _cLBS1 |
||
| 999 |
_c58731 _d58731 |
||